000 00670nam a2200241Ia 4500
005 20260430150321.0
008 008 250103s9999 xx 000 0 eng d
037 _aTheses
040 _aCRL
040 _beng
040 _ceng
041 _2eng
041 _aeng
084 _qCRL
100 _aDarshan Kumar Au.; Jain Deepak Gu.; Mahajan Shobhit Gu.
_91237128
245 0 _aEstimation of Cosmological and Galaxy Parameters Using Statistical Methods
260 _c2024
300 _a227
650 _aScience
700 _aUniversity of Delhi. Faculty of Science. Deptt. of Physics & Astrophysics
_91237110
942 _cTH
999 _c1849495
_d1849495